<?xml version="1.0" encoding="UTF-8"?>
<collection xmlns="http://www.loc.gov/MARC21/slim">
<record>
  <controlfield tag="001">2600566</controlfield>
  <controlfield tag="005">20260320000749.0</controlfield>
  <datafield tag="037" ind1=" " ind2=" ">
    <subfield code="9">CERN-PHOTO-PSARC_X_CERN_00696</subfield>
  </datafield>
  <datafield tag="245" ind1=" " ind2=" ">
    <subfield code="a">PS related album with a mix of photos</subfield>
  </datafield>
  <datafield tag="340" ind1=" " ind2=" ">
    <subfield code="a">FILM</subfield>
  </datafield>
  <datafield tag="500" ind1=" " ind2=" ">
    <subfield code="3">Box D3R1</subfield>
    <subfield code="a">Images reproduced from original 24x36mm slides - Digital Memory project.</subfield>
  </datafield>
  <datafield tag="520" ind1=" " ind2=" ">
    <subfield code="a">Totally mixed album.</subfield>
  </datafield>
  <datafield tag="541" ind1=" " ind2=" ">
    <subfield code="e">PS-ARC_X</subfield>
  </datafield>
  <datafield tag="595" ind1=" " ind2=" ">
    <subfield code="a">NotInspected_Colour</subfield>
  </datafield>
  <datafield tag="690" ind1="C" ind2=" ">
    <subfield code="a">COLOR-SLIDES</subfield>
  </datafield>
  <datafield tag="690" ind1="C" ind2=" ">
    <subfield code="a">DIGITAL-MEMORY</subfield>
  </datafield>
  <datafield tag="774" ind1=" " ind2=" ">
    <subfield code="9">CERN-PHOTO-PSARC_X-BC00696_0001</subfield>
    <subfield code="a">IMAGE</subfield>
    <subfield code="r">2462519</subfield>
  </datafield>
  <datafield tag="774" ind1=" " ind2=" ">
    <subfield code="9">CERN-PHOTO-PSARC_X-BC00696_0003</subfield>
    <subfield code="a">IMAGE</subfield>
    <subfield code="r">2462521</subfield>
  </datafield>
  <datafield tag="774" ind1=" " ind2=" ">
    <subfield code="9">CERN-PHOTO-PSARC_X-BC00696_0004</subfield>
    <subfield code="a">IMAGE</subfield>
    <subfield code="r">2462522</subfield>
  </datafield>
  <datafield tag="774" ind1=" " ind2=" ">
    <subfield code="9">CERN-PHOTO-PSARC_X-BC00696_0005</subfield>
    <subfield code="a">IMAGE</subfield>
    <subfield code="r">2462523</subfield>
  </datafield>
  <datafield tag="774" ind1=" " ind2=" ">
    <subfield code="9">CERN-PHOTO-PSARC_X-BC00696_0006</subfield>
    <subfield code="a">IMAGE</subfield>
    <subfield code="r">2462524</subfield>
  </datafield>
  <datafield tag="774" ind1=" " ind2=" ">
    <subfield code="9">CERN-PHOTO-PSARC_X-BC00696_0007</subfield>
    <subfield code="a">IMAGE</subfield>
    <subfield code="r">2462525</subfield>
  </datafield>
  <datafield tag="774" ind1=" " ind2=" ">
    <subfield code="9">CERN-PHOTO-PSARC_X-BC00696_0008</subfield>
    <subfield code="a">IMAGE</subfield>
    <subfield code="r">2462526</subfield>
  </datafield>
  <datafield tag="774" ind1=" " ind2=" ">
    <subfield code="9">CERN-PHOTO-PSARC_X-BC00696_0009</subfield>
    <subfield code="a">IMAGE</subfield>
    <subfield code="r">2462527</subfield>
  </datafield>
  <datafield tag="774" ind1=" " ind2=" ">
    <subfield code="9">CERN-PHOTO-PSARC_X-BC00696_0010</subfield>
    <subfield code="a">IMAGE</subfield>
    <subfield code="r">2462528</subfield>
  </datafield>
  <datafield tag="774" ind1=" " ind2=" ">
    <subfield code="9">CERN-PHOTO-PSARC_X-BC00696_0011</subfield>
    <subfield code="a">IMAGE</subfield>
    <subfield code="r">2462529</subfield>
  </datafield>
  <datafield tag="774" ind1=" " ind2=" ">
    <subfield code="9">CERN-PHOTO-PSARC_X-BC00696_0012</subfield>
    <subfield code="a">IMAGE</subfield>
    <subfield code="r">2462530</subfield>
  </datafield>
  <datafield tag="774" ind1=" " ind2=" ">
    <subfield code="9">CERN-PHOTO-PSARC_X-BC00696_0013</subfield>
    <subfield code="a">IMAGE</subfield>
    <subfield code="r">2462531</subfield>
  </datafield>
  <datafield tag="774" ind1=" " ind2=" ">
    <subfield code="9">CERN-PHOTO-PSARC_X-BC00696_0014</subfield>
    <subfield code="a">IMAGE</subfield>
    <subfield code="r">2462532</subfield>
  </datafield>
  <datafield tag="774" ind1=" " ind2=" ">
    <subfield code="9">CERN-PHOTO-PSARC_X-BC00696_0015</subfield>
    <subfield code="a">IMAGE</subfield>
    <subfield code="r">2462533</subfield>
  </datafield>
  <datafield tag="774" ind1=" " ind2=" ">
    <subfield code="9">CERN-PHOTO-PSARC_X-BC00696_0016</subfield>
    <subfield code="a">IMAGE</subfield>
    <subfield code="r">2462534</subfield>
  </datafield>
  <datafield tag="774" ind1=" " ind2=" ">
    <subfield code="9">CERN-PHOTO-PSARC_X-BC00696_0017</subfield>
    <subfield code="a">IMAGE</subfield>
    <subfield code="r">2462535</subfield>
  </datafield>
  <datafield tag="774" ind1=" " ind2=" ">
    <subfield code="9">CERN-PHOTO-PSARC_X-BC00696_0018</subfield>
    <subfield code="a">IMAGE</subfield>
    <subfield code="r">2462536</subfield>
  </datafield>
  <datafield tag="774" ind1=" " ind2=" ">
    <subfield code="9">CERN-PHOTO-PSARC_X-BC00696_0019</subfield>
    <subfield code="a">IMAGE</subfield>
    <subfield code="r">2462537</subfield>
  </datafield>
  <datafield tag="774" ind1=" " ind2=" ">
    <subfield code="9">CERN-PHOTO-PSARC_X-BC00696_0020</subfield>
    <subfield code="a">IMAGE</subfield>
    <subfield code="r">2462538</subfield>
  </datafield>
  <datafield tag="774" ind1=" " ind2=" ">
    <subfield code="9">CERN-PHOTO-PSARC_X-BC00696_0021</subfield>
    <subfield code="a">IMAGE</subfield>
    <subfield code="r">2462539</subfield>
  </datafield>
  <datafield tag="774" ind1=" " ind2=" ">
    <subfield code="9">CERN-PHOTO-PSARC_X-BC00696_0022</subfield>
    <subfield code="a">IMAGE</subfield>
    <subfield code="r">2462540</subfield>
  </datafield>
  <datafield tag="774" ind1=" " ind2=" ">
    <subfield code="9">CERN-PHOTO-PSARC_X-BC00696_0023</subfield>
    <subfield code="a">IMAGE</subfield>
    <subfield code="r">2462541</subfield>
  </datafield>
  <datafield tag="774" ind1=" " ind2=" ">
    <subfield code="9">CERN-PHOTO-PSARC_X-BC00696_0024</subfield>
    <subfield code="a">IMAGE</subfield>
    <subfield code="r">2462542</subfield>
  </datafield>
  <datafield tag="774" ind1=" " ind2=" ">
    <subfield code="9">CERN-PHOTO-PSARC_X-BC00696_0025</subfield>
    <subfield code="a">IMAGE</subfield>
    <subfield code="r">2462543</subfield>
  </datafield>
  <datafield tag="774" ind1=" " ind2=" ">
    <subfield code="9">CERN-PHOTO-PSARC_X-BC00696_0026</subfield>
    <subfield code="a">IMAGE</subfield>
    <subfield code="r">2462544</subfield>
  </datafield>
  <datafield tag="774" ind1=" " ind2=" ">
    <subfield code="9">CERN-PHOTO-PSARC_X-BC00696_0027</subfield>
    <subfield code="a">IMAGE</subfield>
    <subfield code="r">2462545</subfield>
  </datafield>
  <datafield tag="774" ind1=" " ind2=" ">
    <subfield code="9">CERN-PHOTO-PSARC_X-BC00696_0028</subfield>
    <subfield code="a">IMAGE</subfield>
    <subfield code="r">2462546</subfield>
  </datafield>
  <datafield tag="774" ind1=" " ind2=" ">
    <subfield code="9">CERN-PHOTO-PSARC_X-BC00696_0029</subfield>
    <subfield code="a">IMAGE</subfield>
    <subfield code="r">2462547</subfield>
  </datafield>
  <datafield tag="774" ind1=" " ind2=" ">
    <subfield code="9">CERN-PHOTO-PSARC_X-BC00696_0030</subfield>
    <subfield code="a">IMAGE</subfield>
    <subfield code="r">2462548</subfield>
  </datafield>
  <datafield tag="774" ind1=" " ind2=" ">
    <subfield code="9">CERN-PHOTO-PSARC_X-BC00696_0031</subfield>
    <subfield code="a">IMAGE</subfield>
    <subfield code="r">2462549</subfield>
  </datafield>
  <datafield tag="774" ind1=" " ind2=" ">
    <subfield code="9">CERN-PHOTO-PSARC_X-BC00696_0032</subfield>
    <subfield code="a">IMAGE</subfield>
    <subfield code="r">2462550</subfield>
  </datafield>
  <datafield tag="774" ind1=" " ind2=" ">
    <subfield code="9">CERN-PHOTO-PSARC_X-BC00696_0033</subfield>
    <subfield code="a">IMAGE</subfield>
    <subfield code="r">2462551</subfield>
  </datafield>
  <datafield tag="774" ind1=" " ind2=" ">
    <subfield code="9">CERN-PHOTO-PSARC_X-BC00696_0034</subfield>
    <subfield code="a">IMAGE</subfield>
    <subfield code="r">2462552</subfield>
  </datafield>
  <datafield tag="774" ind1=" " ind2=" ">
    <subfield code="9">CERN-PHOTO-PSARC_X-BC00696_0035</subfield>
    <subfield code="a">IMAGE</subfield>
    <subfield code="r">2462553</subfield>
  </datafield>
  <datafield tag="774" ind1=" " ind2=" ">
    <subfield code="9">CERN-PHOTO-PSARC_X-BC00696_0036</subfield>
    <subfield code="a">IMAGE</subfield>
    <subfield code="r">2462554</subfield>
  </datafield>
  <datafield tag="774" ind1=" " ind2=" ">
    <subfield code="9">CERN-PHOTO-PSARC_X-BC00696_0037</subfield>
    <subfield code="a">IMAGE</subfield>
    <subfield code="r">2462555</subfield>
  </datafield>
  <datafield tag="774" ind1=" " ind2=" ">
    <subfield code="9">CERN-PHOTO-PSARC_X-BC00696_0038</subfield>
    <subfield code="a">IMAGE</subfield>
    <subfield code="r">2462556</subfield>
  </datafield>
  <datafield tag="774" ind1=" " ind2=" ">
    <subfield code="9">CERN-PHOTO-PSARC_X-BC00696_0039</subfield>
    <subfield code="a">IMAGE</subfield>
    <subfield code="r">2462557</subfield>
  </datafield>
  <datafield tag="774" ind1=" " ind2=" ">
    <subfield code="9">CERN-PHOTO-PSARC_X-BC00696_0040</subfield>
    <subfield code="a">IMAGE</subfield>
    <subfield code="r">2462558</subfield>
  </datafield>
  <datafield tag="774" ind1=" " ind2=" ">
    <subfield code="9">CERN-PHOTO-PSARC_X-BC00696_0041</subfield>
    <subfield code="a">IMAGE</subfield>
    <subfield code="r">2462559</subfield>
  </datafield>
  <datafield tag="774" ind1=" " ind2=" ">
    <subfield code="9">CERN-PHOTO-PSARC_X-BC00696_0042</subfield>
    <subfield code="a">IMAGE</subfield>
    <subfield code="r">2462560</subfield>
  </datafield>
  <datafield tag="774" ind1=" " ind2=" ">
    <subfield code="9">CERN-PHOTO-PSARC_X-BC00696_0043</subfield>
    <subfield code="a">IMAGE</subfield>
    <subfield code="r">2462561</subfield>
  </datafield>
  <datafield tag="774" ind1=" " ind2=" ">
    <subfield code="9">CERN-PHOTO-PSARC_X-BC00696_0044</subfield>
    <subfield code="a">IMAGE</subfield>
    <subfield code="r">2462562</subfield>
  </datafield>
  <datafield tag="774" ind1=" " ind2=" ">
    <subfield code="9">CERN-PHOTO-PSARC_X-BC00696_0045</subfield>
    <subfield code="a">IMAGE</subfield>
    <subfield code="r">2462563</subfield>
  </datafield>
  <datafield tag="774" ind1=" " ind2=" ">
    <subfield code="9">CERN-PHOTO-PSARC_X-BC00696_0049</subfield>
    <subfield code="a">IMAGE</subfield>
    <subfield code="r">2462567</subfield>
  </datafield>
  <datafield tag="774" ind1=" " ind2=" ">
    <subfield code="9">CERN-PHOTO-PSARC_X-BC00696_0050</subfield>
    <subfield code="a">IMAGE</subfield>
    <subfield code="r">2462568</subfield>
  </datafield>
  <datafield tag="774" ind1=" " ind2=" ">
    <subfield code="9">CERN-PHOTO-PSARC_X-BC00696_0051</subfield>
    <subfield code="a">IMAGE</subfield>
    <subfield code="r">2462569</subfield>
  </datafield>
  <datafield tag="774" ind1=" " ind2=" ">
    <subfield code="9">CERN-PHOTO-PSARC_X-BC00696_0052</subfield>
    <subfield code="a">IMAGE</subfield>
    <subfield code="r">2462570</subfield>
  </datafield>
  <datafield tag="774" ind1=" " ind2=" ">
    <subfield code="9">CERN-PHOTO-PSARC_X-BC00696_0053</subfield>
    <subfield code="a">IMAGE</subfield>
    <subfield code="r">2462571</subfield>
  </datafield>
  <datafield tag="774" ind1=" " ind2=" ">
    <subfield code="9">CERN-PHOTO-PSARC_X-BC00696_0054</subfield>
    <subfield code="a">IMAGE</subfield>
    <subfield code="r">2462572</subfield>
  </datafield>
  <datafield tag="774" ind1=" " ind2=" ">
    <subfield code="9">CERN-PHOTO-PSARC_X-BC00696_0055</subfield>
    <subfield code="a">IMAGE</subfield>
    <subfield code="r">2462573</subfield>
  </datafield>
  <datafield tag="774" ind1=" " ind2=" ">
    <subfield code="9">CERN-PHOTO-PSARC_X-BC00696_0056</subfield>
    <subfield code="a">IMAGE</subfield>
    <subfield code="r">2462574</subfield>
  </datafield>
  <datafield tag="774" ind1=" " ind2=" ">
    <subfield code="9">CERN-PHOTO-PSARC_X-BC00696_0057</subfield>
    <subfield code="a">IMAGE</subfield>
    <subfield code="r">2462575</subfield>
  </datafield>
  <datafield tag="774" ind1=" " ind2=" ">
    <subfield code="9">CERN-PHOTO-PSARC_X-BC00696_0058</subfield>
    <subfield code="a">IMAGE</subfield>
    <subfield code="r">2462576</subfield>
  </datafield>
  <datafield tag="774" ind1=" " ind2=" ">
    <subfield code="9">CERN-PHOTO-PSARC_X-BC00696_0059</subfield>
    <subfield code="a">IMAGE</subfield>
    <subfield code="r">2462577</subfield>
  </datafield>
  <datafield tag="774" ind1=" " ind2=" ">
    <subfield code="9">CERN-PHOTO-PSARC_X-BC00696_0060</subfield>
    <subfield code="a">IMAGE</subfield>
    <subfield code="r">2462578</subfield>
  </datafield>
  <datafield tag="774" ind1=" " ind2=" ">
    <subfield code="9">CERN-PHOTO-PSARC_X-BC00696_0061</subfield>
    <subfield code="a">IMAGE</subfield>
    <subfield code="r">2462579</subfield>
  </datafield>
  <datafield tag="774" ind1=" " ind2=" ">
    <subfield code="9">CERN-PHOTO-PSARC_X-BC00696_0062</subfield>
    <subfield code="a">IMAGE</subfield>
    <subfield code="r">2462580</subfield>
  </datafield>
  <datafield tag="774" ind1=" " ind2=" ">
    <subfield code="9">CERN-PHOTO-PSARC_X-BC00696_0063</subfield>
    <subfield code="a">IMAGE</subfield>
    <subfield code="r">2462581</subfield>
  </datafield>
  <datafield tag="774" ind1=" " ind2=" ">
    <subfield code="9">CERN-PHOTO-PSARC_X-BC00696_0064</subfield>
    <subfield code="a">IMAGE</subfield>
    <subfield code="r">2462582</subfield>
  </datafield>
  <datafield tag="774" ind1=" " ind2=" ">
    <subfield code="9">CERN-PHOTO-PSARC_X-BC00696_0065</subfield>
    <subfield code="a">IMAGE</subfield>
    <subfield code="r">2462583</subfield>
  </datafield>
  <datafield tag="774" ind1=" " ind2=" ">
    <subfield code="9">CERN-PHOTO-PSARC_X-BC00696_0066</subfield>
    <subfield code="a">IMAGE</subfield>
    <subfield code="r">2462584</subfield>
  </datafield>
  <datafield tag="774" ind1=" " ind2=" ">
    <subfield code="9">CERN-PHOTO-PSARC_X-BC00696_0067</subfield>
    <subfield code="a">IMAGE</subfield>
    <subfield code="r">2462585</subfield>
  </datafield>
  <datafield tag="774" ind1=" " ind2=" ">
    <subfield code="9">CERN-PHOTO-PSARC_X-BC00696_0068</subfield>
    <subfield code="a">IMAGE</subfield>
    <subfield code="r">2462586</subfield>
  </datafield>
  <datafield tag="774" ind1=" " ind2=" ">
    <subfield code="9">CERN-PHOTO-PSARC_X-BC00696_0069</subfield>
    <subfield code="a">IMAGE</subfield>
    <subfield code="r">2462587</subfield>
  </datafield>
  <datafield tag="774" ind1=" " ind2=" ">
    <subfield code="9">CERN-PHOTO-PSARC_X-BC00696_0070</subfield>
    <subfield code="a">IMAGE</subfield>
    <subfield code="r">2462588</subfield>
  </datafield>
  <datafield tag="774" ind1=" " ind2=" ">
    <subfield code="9">CERN-PHOTO-PSARC_X-BC00696_0071</subfield>
    <subfield code="a">IMAGE</subfield>
    <subfield code="r">2462589</subfield>
  </datafield>
  <datafield tag="774" ind1=" " ind2=" ">
    <subfield code="9">CERN-PHOTO-PSARC_X-BC00696_0072</subfield>
    <subfield code="a">IMAGE</subfield>
    <subfield code="r">2462590</subfield>
  </datafield>
  <datafield tag="774" ind1=" " ind2=" ">
    <subfield code="9">CERN-PHOTO-PSARC_X-BC00696_0073</subfield>
    <subfield code="a">IMAGE</subfield>
    <subfield code="r">2462591</subfield>
  </datafield>
  <datafield tag="774" ind1=" " ind2=" ">
    <subfield code="9">CERN-PHOTO-PSARC_X-BC00696_0074</subfield>
    <subfield code="a">IMAGE</subfield>
    <subfield code="r">2462592</subfield>
  </datafield>
  <datafield tag="774" ind1=" " ind2=" ">
    <subfield code="9">CERN-PHOTO-PSARC_X-BC00696_0075</subfield>
    <subfield code="a">IMAGE</subfield>
    <subfield code="r">2462593</subfield>
  </datafield>
  <datafield tag="774" ind1=" " ind2=" ">
    <subfield code="9">CERN-PHOTO-PSARC_X-BC00696_0076</subfield>
    <subfield code="a">IMAGE</subfield>
    <subfield code="r">2462594</subfield>
  </datafield>
  <datafield tag="774" ind1=" " ind2=" ">
    <subfield code="9">CERN-PHOTO-PSARC_X-BC00696_0077</subfield>
    <subfield code="a">IMAGE</subfield>
    <subfield code="r">2462595</subfield>
  </datafield>
  <datafield tag="774" ind1=" " ind2=" ">
    <subfield code="9">CERN-PHOTO-PSARC_X-BC00696_0078</subfield>
    <subfield code="a">IMAGE</subfield>
    <subfield code="r">2462596</subfield>
  </datafield>
  <datafield tag="774" ind1=" " ind2=" ">
    <subfield code="9">CERN-PHOTO-PSARC_X-BC00696_0079</subfield>
    <subfield code="a">IMAGE</subfield>
    <subfield code="r">2462597</subfield>
  </datafield>
  <datafield tag="960" ind1=" " ind2=" ">
    <subfield code="a">116</subfield>
  </datafield>
  <datafield tag="963" ind1=" " ind2=" ">
    <subfield code="a">PUBLIC</subfield>
  </datafield>
  <datafield tag="980" ind1=" " ind2=" ">
    <subfield code="a">PHOTOARC</subfield>
  </datafield>
  <datafield tag="999" ind1=" " ind2=" ">
    <subfield code="a">ALBUM</subfield>
  </datafield>
</record>
</collection>